000 00719nam a2200265Ia 4500
003 OSt
005 20221006144511.0
006 a|||||r|||| 00| 0
007 ta
008 221006b |||||||| |||| 00| 0 chi d
020 _a9787532601158
_cYu 39.00
024 _a11,831
037 _bGift, PRC
_cTextual
040 _aEASL
_cEASL
_bchi
041 _2chi
_achi
082 _a041,1k, 111N9
100 _aGONG Mu Ed.
_9652142
245 0 _aXin Shi Jian shang cidian
260 _aShanghai
_bShanghai Cishu Chubanshe China
_c1999
300 _a1190p.
_ccm.
490 _v CL
650 _aCL
_9642733
942 _h041,1k, 111N9
_cTEXL
_2CC
999 _c1079917
_d1079917